000 00265nam a22001097a 4500
999 _c64897
_d64894
082 _a290.4992 ن ق ش
100 _aمحمد طفیل
245 _aنقوش رسول صہ
260 _aلاہور
_bادارۂفروخت اردو
_c1987
300 _a724
942 _cBK